|
|
|
|
| LEADER |
01593cas a2200229 a 4500 |
| 001 |
AALejournalIMF021502 |
| 008 |
230101c9999 xx r poo 0 0eng d |
| 020 |
|
|
|c 5.00 USD
|
| 020 |
|
|
|z 9781513569499
|
| 022 |
|
|
|a 1018-5941
|
| 040 |
|
|
|a BD-DhAAL
|c BD-DhAAL
|
| 245 |
1 |
2 |
|a A Unified Model of Cohort Mortality for Economic Analysis.
|
| 264 |
|
1 |
|a Washington, D.C. :
|b International Monetary Fund,
|c 2021.
|
| 300 |
|
|
|a 1 online resource (67 pages)
|
| 490 |
1 |
|
|a IMF Working Papers
|
| 500 |
|
|
|a <strong>Off-Campus Access:</strong> No User ID or Password Required
|
| 500 |
|
|
|a <strong>On-Campus Access:</strong> No User ID or Password Required
|
| 506 |
|
|
|a Electronic access restricted to authorized BRAC University faculty, staff and students
|
| 520 |
3 |
|
|a We propose a dynamic production function of population health and mortality from birth onwards. Our parsimonious model provides an excellent fit for the mortality and survival curves for both primate and human populations since 1816. The model sheds light on the dynamics behind many phenomena documented in the literature, including (i) the existence and evolution of mortality gradients across socio-economic statuses, (ii) non-monotonic dynamic effects of in-utero shocks, (iii) persistent or 'scarring' effects of wars and (iv) mortality displacement after large temporary shocks such as extreme weather.
|
| 538 |
|
|
|a Mode of access: Internet
|
| 830 |
|
0 |
|a IMF Working Papers; Working Paper ;
|v No. 2021/037
|
| 856 |
4 |
0 |
|z Full text available on IMF
|u http://elibrary.imf.org/view/journals/001/2021/037/001.2021.issue-037-en.xml
|z IMF e-Library
|